Теория силового сопротивления анизотропных материалов сжатию и ее практическое применение: монография

Podrobná bibliografie
Hlavní autor: Соколов Б. С. Борис Сергеевич
Shrnutí:Основой теории является физическая модель, описывающая разрушение процессом одновременного преодоления сопротивления материала отрыву, сдвигу и раздавливанию. Это позволило получить условия прочности в общем виде по всей длине силового потока, описать возможные схемы разрушения, трещиностойкость элементов и конструкций, учесть их специфические особенности, создать новые и усовершенствовать существующие методики расчета. Теория в отличие от существующих легко доступна в изучении. Поэтому она рекомендуется для использования в учебном процессе, в научных исследованиях магистрами и аспирантами, реальном проектировании.
Jazyk:ruština
Vydáno: Москва, Изд-во Ассоциации строительных вузов, 2011
Témata:
Médium: MixedMaterials Kniha
KOHA link:https://koha.lib.tpu.ru/cgi-bin/koha/opac-detail.pl?biblionumber=211959

MARC

LEADER 00000nam0a2200000 4500
001 211959
005 20231101225723.0
010 |a 9785930938104 
035 |a (RuTPU)RU\TPU\book\231577 
090 |a 211959 
100 |a 20120321d2011 k y0rusy50 ca 
101 0 |a rus 
102 |a RU 
105 |a a z 001zy 
200 1 |a Теория силового сопротивления анизотропных материалов сжатию и ее практическое применение  |e монография  |f Б. С. Соколов 
210 |a Москва  |c Изд-во Ассоциации строительных вузов  |d 2011 
215 |a 160 с.  |c ил. 
320 |a Библиогр.: с. 159. 
330 |a Основой теории является физическая модель, описывающая разрушение процессом одновременного преодоления сопротивления материала отрыву, сдвигу и раздавливанию. Это позволило получить условия прочности в общем виде по всей длине силового потока, описать возможные схемы разрушения, трещиностойкость элементов и конструкций, учесть их специфические особенности, создать новые и усовершенствовать существующие методики расчета. Теория в отличие от существующих легко доступна в изучении. Поэтому она рекомендуется для использования в учебном процессе, в научных исследованиях магистрами и аспирантами, реальном проектировании. 
606 1 |a Строительные конструкции  |x Анизотропные материалы  |x Деформация  |2 stltpush  |3 (RuTPU)RU\TPU\subj\71722  |9 85505 
610 1 |a исследование 
610 1 |a актуальные проблемы 
610 1 |a сжатие 
610 1 |a силовое сопротивление 
610 1 |a элементы 
610 1 |a напряженно-деформированное состояние 
610 1 |a компьютерное моделирование 
610 1 |a расчеты 
610 1 |a армирование 
610 1 |a применение 
610 1 |a сжатые элементы 
610 1 |a усиление 
675 |a 624.012  |v 3 
700 1 |a Соколов  |b Б. С.  |g Борис Сергеевич 
801 1 |a RU  |b 63413507  |c 20120321 
801 2 |a RU  |b 63413507  |c 20120702  |g RCR 
942 |c BK 
959 |a 44/20120321  |d 1  |e 467,10  |f ЧЗТЛ:1